Bande dessinée : personnages des aventures de Ric Hochet (par image) - Statistiques

Statistiques générales
  • Ce quiz a été pris 10 fois
  • Le résultat moyen est 9 sur 16
Statistiques - réponses
Par images Hint Réponse % Correct
Aventurier Richard Hochet
100%
Journaliste Ric Hochet
100%
Commissaire Sigismond Bourdon
100%
Inspecteur L'inspecteur Ledru
86%
Jounaliste Bob Drumont
71%
Criminel Le Bourreau
71%
Compagne du premier et nièce du deuxième Nadine
71%
Ancien inspecteur devenu criminel Philippe Manière / Caméléon
71%
Scientifique Le professeur Lucien Hermelin
57%
Journaliste Lambert
43%
Chat Nanar
29%
Industriel dans l'aéronautique Rémy Valloire
29%
Animateur de télévision Guy Lux
14%
Journaliste de télévision Léon Zitrone
14%
Chanteur et guitariste de jazz Sacha Distel
14%
Éditeur du journal "La Rafale" Renaud Masson
0%
Aucun quiz correspondant
Distribution des résultats
% des personnes avec chaque résultat
Percentile par nombre de réponses
Votre historique - résultats
Vous n’avez pas pris ce quiz